Obálka Náhled e-knihy:
Epub
Pro půjčování e-knih musíte být přihlášeni.
Jak si půjčit online?

World of warcraft. Před bouří /

Další fantasy román ze světa PC hry WarCraft, kde neutuchají boje o záchranu Azerothu.

Uloženo v:
Série:World of warcraft, část 16
Hlavní autor: Golden, Christie, 1963- (Autor)
Další autoři: Kratochvíl, Tomáš (Autor)
Médium: E-kniha
Jazyk:Czech
Vydáno: Ostrava : Fantom Print, 2021
Vydání:1. vydání
Témata:
Příbuzné jednotky:Z cyklu:: World of warcraft
Tagy:
Žádné tagy
LEADER 02462nam a2200469 i 4500
001 311452
003 CZ PrSKC
005 20260601215705.0
007 ta
008 211105s2021 xr g 000 f cze
015 |a cnb003369939 
020 |a 9788075940971  |q (brožováno) 
035 |a (OCoLC)1296108656 
040 |a ABG001  |b cze  |d ABA001  |e rda 
041 1 |a cze  |h eng 
072 7 |a 821.111(73)-3  |x Americká próza  |2 Konspekt 
080 |a 821.111(73)-31  |2 MRF 
080 |a (0:82-312.9)  |2 MRF 
100 1 |a Golden, Christie,  |d 1963-  |7 xx0019117  |4 aut 
240 1 0 |a Before the storm.  |l Česky 
245 1 0 |a World of warcraft.  |p Před bouří /  |c Christie Golden ; překlad Tomáš Kratochvíl 
246 3 0 |a Před bouří 
250 |a 1. vydání 
264 1 |a Ostrava :  |b Fantom Print,  |c 2021 
300 |a 349 stran ;  |c 21 cm 
336 |a text  |b txt  |2 rdacontent 
337 |a bez média  |b n  |2 rdamedia 
338 |a svazek  |b nc  |2 rdacarrier 
500 |a Přeloženo z angličtiny 
520 2 |a Další fantasy román ze světa PC hry WarCraft, kde neutuchají boje o záchranu Azerothu.  |b Azeroth umírá. Horda a Aliance sice porazily démonickou Plamennou legii, ale pod zemským povrchem bublá blížící se katastrofa. Srdce Azerothu dostalo smrtelnou ránu, když do něj padlý Titán Sargeras v posledním aktu krutosti vrazil svůj meč. Král Anduin Wrynn ani Sylvanas Windrunner, nejvyšší náčelnice Hordy, si nemohou dovolit plýtvat čas truchlením. Strašlivá rána odhalila záhadný materiál - azerit. Ve správných rukou může tato zlatavá esence konat neuvěřitelné zázraky; v těch špatných by ale mohla přivést naprostou zkázu! Nakladatelská anotace. 
546 |a Český text 
655 7 |a americké romány  |7 fd131796  |2 czenas 
655 7 |a fantasy romány  |7 fd184199  |2 czenas 
655 9 |a American fiction  |2 eczenas 
655 9 |a fantasy novels  |2 eczenas 
700 1 |a Kratochvíl, Tomáš  |7 ola2016901178  |4 trl 
787 0 8 |i Z cyklu:  |t World of warcraft  |g 16 
900 |a ABA001  |b 20 
044 |a xr 
910 |a RBIT002 
998 |d 338492  |a https://core.palmknihy.cz/api/books/338492/cover?r1kqh1  |b https://core.palmknihy.cz/api/books/338492/cover/400?r1kqh1  |c https://core.palmknihy.cz/api/books/338492/cover/50?r1kqh1  |e 2026-09-16  |g 352  |i 9788075940971  |j https://core.palmknihy.cz/api/books/338492/preview.epub  |l   |q 49  |r 1  |s https://www.palmknihy.cz/kniha/338492  |t ebook  |y 2021  |z 0  |v World of Warcraft  |w 0 
999 |d 311450